000
00252nam a22000977a 4500
008
170124b xxu||||| |||| 00| 0 eng d
041
_a
eng
080
_a
618.2
245
_a
ENCYCLOPEDIA AND DICTIONARY OF MEDICINE ANDNURSING
_c
MILLER, B.F
942
_2
udc
_c
BK
999
_c
3433
_d
3433